000 00803nam a2200205Ii 4500
003 JO-AjNU
008 230605s9999||||xx |||||||||||||| ||und||
040 _aJO-AjNU
_bara
_erda
_cJO-AjNU
041 _aara
050 1 4 _aBP144.2 1982
100 3 _aهيكل، عبد التواب,
_eauthor
_941171
245 0 0 _aتعدد الزوجات في الإسلام وحكمة التعدد في أزواج النبي صلى الله عليه وسلم دحض شبهات ورد مفتريات
250 _aط1
264 3 1 _aدمشق،بيروت،الرياض: دار القلم، مكتبة الحرمين، 1982
300 _a160ص
336 _atext
_btxt
_2rdacontent
337 _aunmediated
_bn
_2rdamedia
338 _avolume
_bnc
_2rdacarrier
650 4 _aالاسلام- تعدد الزوجات
_941172
999 _aA17532
_c21100
_d21100